000 00324nam a2200145Ia 4500
100 _aMalhotra/D.R/ Gupta /H.C
942 _cBK
654 _aMaterials
245 _aStrength Of Materials
260 _bSatya Prakashan
_aNEW DELHI
_c1987
082 _a620.1
_bMal/Gup
300 _a1064
546 _aENGLISH
999 _c33275
_d33275